Countries Closest to Florida - Statistics

General Stats
  • This quiz has been taken 33 times
  • The average score is 18 of 20
Answer Stats
Distance (km) Distance (mi) Country % Correct
83 51 Bahamas
96%
148 92 Cuba
96%
1,044 649 Dominican Republic
96%
525 326 Mexico
96%
938 583 Haiti
93%
1,666 1,035 Panama
93%
877 545 Belize
89%
980 609 Colombia / San Andres and Providencia
89%
1,511 939 Costa Rica
89%
1,291 802 El Salvador
89%
1,938 1,204 France / Saint-Martin
89%
993 617 Guatemala
89%
746 464 Jamaica
89%
801 498 Honduras
85%
1,064 661 Nicaragua
85%
1,729 1,074 Venezuela
85%
557 346 United Kingdom / Cayman Islands
81%
1,755 1,091 Netherlands / Aruba
78%
2,000 1,242 Saint Kitts and Nevis
78%
2,076 1,290 Antigua and Barbuda
74%
No matching quizzes found
Score Distribution
Percent of People with Each Score
Percentile by Number Answered
Your Score History
You have not taken this quiz